Score 0/16 Timer 05:00
2 Plays Today
Hint Answer % Correct
Cinderella
96.7%
Star Wars Episode IV: A New Hope
96.2%
Breakfast at Tiffany's
92.7%
Titanic
90.5%
The Devil Wears Prada
89.3%
Cleopatra
88.7%
Elizabeth: The Golden Age
75%
The Princess Bride
68.2%
Hint Answer % Correct
The Seven-Year Itch
64.5%
Chicago
60.6%
American Hustle
41.9%
Sabrina
40%
Hello, Dolly!
36.7%
The Sound of Music
33.6%
Into the Woods
31.3%
Vertigo
21.9%

You're not logged in!

Compare scores with friends on all Sporcle quizzes.
OR
Log In

Sporcle TV

Today on Sporcle TV


Watch our educational content, quiz creation guides, and fun videos on Sporcle TV.

Show Comments

Extras

Top Quizzes Today


Score Distribution

Your Account Isn't Verified!

In order to create a playlist on Sporcle, you need to verify the email address you used during registration. Go to your Sporcle Settings to finish the process.

Report this User

Report this user for behavior that violates our Community Guidelines.

Details: